• 首页
  • 本馆介绍
  • 公告通知
  • 最新文献
  • 馆藏检索
  • 电子资源
  • 读者导购
  • 参考咨询
  • 我的图书馆
  • 登录
  • 详细信息显示
  • 放入我的书架
  • 预约/预借图书
  • 作者相关作品
  • 分类相关作品
  • 丛书相关作品
  • 出版社相关作品

书目信息

  • 表格格式
  • 工作单格式
  • 卡片格式
题名:
世界摄影名作100讲
    
 
作者: 教毅 著
分册:  
出版信息: 天津   百花文艺出版社  2007
页数: 10, 283页
开本: 21cm
丛书名: 艺术名作百讲丛书
单 册:
中图分类: J405.1
科图分类:
主题词: 摄影艺术--鉴赏--世界
电子资源:
ISBN: 978-7-5306-4564-2
000 00850nam0 2200241 450
001 07079000477
005 20070721154106.90
010    @a978-7-5306-4564-2@dCNY30.00
100    @a20060301d2007 ekmy0chiy0120 ea
101 0  @achi
102    @aCN@b120000
105    @aa z 000yy
200 1  @a世界摄影名作100讲@Ashi jie she ying ming zuo 100 jiang@f教毅著
210    @a天津@c百花文艺出版社@d2007
215    @a10, 283页@c照片@d21cm
225 2  @a艺术名作百讲丛书
330    @a本书精选了世界最著名的100位摄影大师的代表作,从作品创作的年代、内容、如何创作与产生,以及摄影作品的艺术形式进行了精辟的讲述,同时也对世界著名的100位摄影大师进行了较为详尽的介绍。
461  0 @12001 @a艺术名作百讲丛书
606 0  @a摄影艺术@x鉴赏@y世界
690    @aJ405.1@v4
701  0 @a教毅@Ajiao yi@4著
801  0 @aCN@bTJXH@c20070721
905    @a10447@dJ405.1@e204
    
    世界摄影名作100讲/教毅著.-天津:百花文艺出版社,2007
    10, 283页:照片;21cm.-(艺术名作百讲丛书)
    
    
    ISBN 978-7-5306-4564-2:CNY30.00
    本书精选了世界最著名的100位摄影大师的代表作,从作品创作的年代、内容、如何创作与产生,以及摄影作品的艺术形式进行了精辟的讲述,同时也对世界著名的100位摄影大师进行了较为详尽的介绍。
●
相关链接 在E读中查询图书 在五车中查询图书 在当当中查询图书 在豆瓣中查询图书


正题名:世界摄影名作100讲     索取号:J405.1/204         预约/预借

序号 登录号 条形码 馆藏地/架位号 状态 备注
1 0822947   208229479   第一样本阅览室/ [索取号:J405.1/204] 在馆    
2 0822948   208229488   第一借阅区/ [索取号:J405.1/204] 在馆    
3 0822949   208229497   第一借阅区/ [索取号:J405.1/204] 在馆    
4 0822950   208229503   第一借阅区/ [索取号:J405.1/204] 在馆    
5 0822951   208229512   第一借阅区/ [索取号:J405.1/204] 在馆    
唐山师范学院图书馆 欢迎您!
大连网信软件有限公司© 版权所有